[Event "CZE-chT2D 1920"]
[Site "Czech Republic"]
[Date "2020.01.26"]
[Round "7.8"]
[White "Pavlis, Jaromir"]
[Black "Just, Pavel"]
[Result "1/2-1/2"]
[WhiteElo "1880"]
[BlackElo "1977"]
[PlyCount "31"]
[EventDate "2019.10.13"]
[EventType "team-tourn"]
[EventRounds "11"]
[EventCountry "CZE"]
[SourceTitle "EXT 2024"]
[Source "ChessBase"]
[SourceDate "2023.10.10"]
[SourceVersion "1"]
[SourceVersionDate "2023.10.10"]
[SourceQuality "1"]
[WhiteTeam "Zdar nad Sazavou"]
[BlackTeam "Polabiny III"]
[WhiteTeamCountry "CZE"]
[BlackTeamCountry "CZE"]

1. Nf3 Nf6 2. d4 e6 3. c3 c5 4. e3 b6 5. Nbd2 Bb7 6. Bd3 d5 7. Bb5+ Bc6 8. Qa4 Bxb5 9. Qxb5+ Qd7 10. Qxd7+ Nbxd7 11. 0-0 Bd6 12. Re1 Ne4 13. Nxe4 dxe4 14. Ng5 Nf6 15. f3 exf3 16. Nxf3 1/2-1/2

[Event "CZE-chT2D 1718"]
[Site "Czech Republic"]
[Date "2017.12.17"]
[Round "5.8"]
[White "Pavlis, Jaromir"]
[Black "Sodomka, Adam"]
[Result "1/2-1/2"]
[WhiteElo "1879"]
[BlackElo "1907"]
[PlyCount "33"]
[EventDate "2017.10.15"]
[EventType "team-tourn"]
[EventRounds "11"]
[EventCountry "CZE"]
[SourceTitle "EXT 2022"]
[Source "ChessBase"]
[SourceDate "2021.10.06"]
[SourceVersion "1"]
[SourceVersionDate "2021.10.06"]
[SourceQuality "1"]
[WhiteTeam "Zdar nad Sazavou"]
[BlackTeam "Policka Stefanydes"]
[WhiteTeamCountry "CZE"]
[BlackTeamCountry "CZE"]

1. Nf3 f5 2. d4 Nf6 3. c4 e6 4. Nc3 Be7 5. Bg5 0-0 6. e3 Ne4 7. Bxe7 Qxe7 8. Bd3 c6 9. Nxe4 fxe4 10. Bxe4 Qb4+ 11. Nd2 d5 12. Bd3 Qxb2 13. Qb1 Qxb1+ 14. Rxb1 Nd7 15. f4 b6 16. Ke2 c5 17. g3 1/2-1/2

[Event "CZE-chT2D 1718"]
[Site "Czech Republic"]
[Date "2017.11.19"]
[Round "3.8"]
[White "Pavlis, Jaromir"]
[Black "Cieslak, Leszek"]
[Result "1/2-1/2"]
[WhiteElo "1879"]
[BlackElo "1934"]
[PlyCount "25"]
[EventDate "2017.10.15"]
[EventType "team-tourn"]
[EventRounds "11"]
[EventCountry "CZE"]
[SourceTitle "EXT 2022"]
[Source "ChessBase"]
[SourceDate "2021.10.06"]
[SourceVersion "1"]
[SourceVersionDate "2021.10.06"]
[SourceQuality "1"]
[WhiteTeam "Zdar nad Sazavou"]
[BlackTeam "Dalesice Pivovar"]
[WhiteTeamCountry "CZE"]
[BlackTeamCountry "CZE"]

1. Nf3 Nf6 2. d4 g6 3. Bf4 Bg7 4. c3 0-0 5. e3 d6 6. Be2 b6 7. h3 Bb7 8. 0-0 Nbd7 9. Nbd2 Qe8 10. Bg5 e5 11. dxe5 Nxe5 12. Qc2 Nxf3+ 13. Bxf3 1/2-1/2

[Event "Trebic Highlands op 11th"]
[Site "Trebic"]
[Date "2017.09.30"]
[Round "9"]
[White "Svizensky, Lubos"]
[Black "Pavlis, Jaromir"]
[Result "1/2-1/2"]
[WhiteElo "1976"]
[BlackElo "1879"]
[PlyCount "34"]
[EventDate "2017.09.23"]
[EventType "swiss"]
[EventRounds "9"]
[EventCountry "CZE"]
[SourceTitle "EXT 2018"]
[Source "ChessBase"]
[SourceDate "2017.10.13"]
[SourceVersion "1"]
[SourceVersionDate "2017.10.13"]
[SourceQuality "1"]

1. d4 d5 2. Nf3 Nf6 3. c4 e6 4. Nc3 dxc4 5. e3 c6 6. Bxc4 Bb4 7. 0-0 0-0 8. a3 Bxc3 9. bxc3 Nbd7 10. Bd3 Qc7 11. e4 e5 12. Bg5 exd4 13. cxd4 h6 14. Bd2 Re8 15. Re1 Nf8 16. h3 Ne6 17. Bc3 Nf4 1/2-1/2

[Event "Trebic Highlands op 11th"]
[Site "Trebic"]
[Date "2017.09.29"]
[Round "8"]
[White "Pavlis, Jaromir"]
[Black "Leutwyler, Matthias"]
[Result "1/2-1/2"]
[WhiteElo "1879"]
[BlackElo "2103"]
[PlyCount "61"]
[EventDate "2017.09.23"]
[EventType "swiss"]
[EventRounds "9"]
[EventCountry "CZE"]
[SourceTitle "EXT 2018"]
[Source "ChessBase"]
[SourceDate "2017.10.13"]
[SourceVersion "1"]
[SourceVersionDate "2017.10.13"]
[SourceQuality "1"]

1. Nf3 c5 2. d4 d5 3. Bf4 Nf6 4. e3 Nc6 5. c3 Qb6 6. Qb3 c4 7. Qxb6 axb6 8. Na3 Na7 9. Be2 b5 10. Nc2 Bf5 11. Rc1 Nc6 12. a3 Bxc2 13. Rxc2 Ne4 14. 0-0 f6 15. Nd2 Nxd2 16. Rxd2 h5 17. h3 g5 18. Bh2 e6 19. f4 Bg7 20. Bf3 gxf4 21. exf4 f5 22. Re1 Kf7 23. g4 hxg4 24. hxg4 Ne7 25. Rde2 Ra6 26. Bg3 Bf6 27. g5 Bg7 28. Rh2 Rxh2 29. Kxh2 Ng6 30. Bh5 Bf8 31. Kg2 1/2-1/2

[Event "Trebic Highlands op 11th"]
[Site "Trebic"]
[Date "2017.09.27"]
[Round "5"]
[White "Pavlis, Jaromir"]
[Black "Lampir, Tomas"]
[Result "1-0"]
[WhiteElo "1879"]
[BlackElo "2077"]
[PlyCount "71"]
[EventDate "2017.09.23"]
[EventType "swiss"]
[EventRounds "9"]
[EventCountry "CZE"]
[SourceTitle "EXT 2018"]
[Source "ChessBase"]
[SourceDate "2017.10.13"]
[SourceVersion "1"]
[SourceVersionDate "2017.10.13"]
[SourceQuality "1"]

1. Nf3 Nf6 2. d4 d5 3. Bf4 c5 4. e3 Nc6 5. c3 e6 6. Nbd2 Be7 7. Bb5 a6 8. Bxc6+ bxc6 9. 0-0 0-0 10. h3 a5 11. Qc2 cxd4 12. cxd4 Ba6 13. Rfc1 c5 14. dxc5 Rc8 15. c6 Bd6 16. Bxd6 Qxd6 17. Qa4 e5 18. Qxa5 Be2 19. Qc5 Qe6 20. b4 g5 21. Nh2 Kh8 22. b5 Rg8 23. Nhf1 g4 24. h4 g3 25. f3 e4 26. fxe4 dxe4 27. Rc4 Rg4 28. Rd4 Rxh4 29. Rd6 Qg4 30. Qe5 Bxf1 31. Qxf6+ Kg8 32. Nxf1 Re8 33. Rd8 Rxd8 34. Qxd8+ Kg7 35. Qd4+ Kg8 36. c7 1-0

[Event "Trebic Highlands op 11th"]
[Site "Trebic"]
[Date "2017.09.24"]
[Round "2"]
[White "Vincze, Roman"]
[Black "Pavlis, Jaromir"]
[Result "1/2-1/2"]
[WhiteElo "2099"]
[BlackElo "1879"]
[PlyCount "81"]
[EventDate "2017.09.23"]
[EventType "swiss"]
[EventRounds "9"]
[EventCountry "CZE"]
[SourceTitle "EXT 2018"]
[Source "ChessBase"]
[SourceDate "2017.10.13"]
[SourceVersion "1"]
[SourceVersionDate "2017.10.13"]
[SourceQuality "1"]

1. d4 d5 2. Nf3 Nf6 3. Bg5 e6 4. e3 Be7 5. a3 h6 6. Bh4 Ne4 7. Bxe7 Qxe7 8. Nbd2 Nxd2 9. Qxd2 Nd7 10. c4 dxc4 11. Bxc4 c6 12. 0-0 0-0 13. Rac1 b6 14. Rfd1 Bb7 15. Be2 Rad8 16. Qc2 c5 17. Qa4 a6 18. dxc5 Nxc5 19. Qb4 Bxf3 20. Bxf3 Qa7 21. Qc3 a5 22. b4 Rxd1+ 23. Rxd1 axb4 24. axb4 Nd7 25. h3 Nf6 26. Qc6 Rb8 27. g4 b5 28. Rc1 Qb6 29. Qxb6 Rxb6 30. Rc8+ Kh7 31. Rc5 Ne8 32. e4 f6 33. e5 fxe5 34. Rxe5 Kg6 35. Be2 Nc7 36. Rc5 Na6 37. Rxb5 Rxb5 38. Bxb5 Nxb4 39. Kg2 Kf6 40. h4 g5 41. Kg3 1/2-1/2

[Event "CZE-ch Seniors 60"]
[Site "Rychnov nad Kneznou"]
[Date "2015.08.21"]
[Round "7"]
[White "Trojan, Lubos"]
[Black "Pavlis, Jaromir"]
[Result "1-0"]
[WhiteElo "1998"]
[BlackElo "1923"]
[PlyCount "63"]
[EventDate "2015.08.15"]
[EventType "swiss"]
[EventRounds "9"]
[EventCountry "CZE"]
[SourceTitle "EXT 2016"]
[Source "ChessBase"]
[SourceDate "2015.10.08"]
[SourceVersion "1"]
[SourceVersionDate "2015.10.08"]
[SourceQuality "1"]

1. d4 d5 2. Nf3 Nf6 3. Bf4 Bf5 4. e3 e6 5. Nbd2 Bd6 6. Ne5 Nbd7 7. Be2 Ne4 8. Nxe4 Bxe4 9. f3 Bxe5 10. dxe5 Bg6 11. Qd2 c6 12. h4 h6 13. g4 Qc7 14. h5 Bh7 15. Qc3 0-0-0 16. 0-0-0 c5 17. g5 hxg5 18. Bxg5 Qxe5 19. Qxe5 Nxe5 20. Bxd8 Rxd8 21. f4 Nd7 22. Bd3 Bxd3 23. cxd3 Nf6 24. Rdg1 Rg8 25. Rg5 b6 26. Rhg1 Ne8 27. f5 Rh8 28. fxe6 fxe6 29. Re5 Rh6 30. Rg6 Kd7 31. Kd2 Ke7 32. Rexe6+ 1-0

[Event "CZE-ch Seniors 60"]
[Site "Rychnov nad Kneznou"]
[Date "2015.08.18"]
[Round "4"]
[White "Pavlis, Jaromir"]
[Black "Urbanec, Vladimir"]
[Result "1/2-1/2"]
[WhiteElo "1923"]
[BlackElo "1501"]
[PlyCount "49"]
[EventDate "2015.08.15"]
[EventType "swiss"]
[EventRounds "9"]
[EventCountry "CZE"]
[SourceTitle "EXT 2016"]
[Source "ChessBase"]
[SourceDate "2015.10.08"]
[SourceVersion "1"]
[SourceVersionDate "2015.10.08"]
[SourceQuality "1"]

1. d4 d5 2. Nf3 Nf6 3. Bg5 e6 4. e3 Be7 5. Bd3 0-0 6. Nbd2 Nbd7 7. 0-0 c5 8. c3 a6 9. a4 b6 10. h3 Bb7 11. Nh2 h6 12. Bf4 Ne4 13. Ndf3 f5 14. Ne5 Nxe5 15. Bxe5 Bf6 16. Nf3 c4 17. Bxe4 fxe4 18. Bxf6 gxf6 19. Nh2 f5 20. f4 Qf6 21. Rf2 Qg6 22. Nf1 h5 23. h4 Kf7 24. Kh2 Rg8 25. b4 1/2-1/2

[Event "CZE-ch Seniors 60"]
[Site "Rychnov nad Kneznou"]
[Date "2015.08.17"]
[Round "3"]
[White "Juricek, Stanislav"]
[Black "Pavlis, Jaromir"]
[Result "1/2-1/2"]
[WhiteElo "2112"]
[BlackElo "1923"]
[PlyCount "59"]
[EventDate "2015.08.15"]
[EventType "swiss"]
[EventRounds "9"]
[EventCountry "CZE"]
[SourceTitle "EXT 2016"]
[Source "ChessBase"]
[SourceDate "2015.10.08"]
[SourceVersion "1"]
[SourceVersionDate "2015.10.08"]
[SourceQuality "1"]

1. e4 c6 2. d4 d5 3. exd5 cxd5 4. Bd3 Nf6 5. c3 Nc6 6. Bf4 e6 7. Nd2 Bd6 8. Bxd6 Qxd6 9. Ngf3 Qf4 10. Qe2 Bd7 11. 0-0 0-0 12. Rae1 g6 13. Qd1 Rab8 14. Ne5 Nxe5 15. dxe5 Ne8 16. g3 Qa4 17. Qxa4 Bxa4 18. Nf3 Nc7 19. Nd4 Bd7 20. Rc1 b5 21. f4 Rb6 22. a3 Re8 23. Kf2 Kg7 24. h4 f5 25. Be2 h5 26. Rfd1 Kf7 27. Ke3 Ke7 28. Ra1 Rc8 29. Rdc1 a6 30. b4 1/2-1/2

[Event "CZE-chT2D 1415"]
[Site "Czech Republic"]
[Date "2015.02.08"]
[Round "7.7"]
[White "Krmela, Ales"]
[Black "Pavlis, Jaromir"]
[Result "1/2-1/2"]
[WhiteElo "2054"]
[BlackElo "1961"]
[PlyCount "119"]
[EventDate "2014.11.02"]
[EventType "team-tourn"]
[EventRounds "11"]
[EventCountry "CZE"]
[SourceTitle "EXT 2022"]
[Source "ChessBase"]
[SourceDate "2021.10.06"]
[SourceVersion "1"]
[SourceVersionDate "2021.10.06"]
[SourceQuality "1"]
[WhiteTeam "Zabreh"]
[BlackTeam "Zdar nad Sazavou"]
[WhiteTeamCountry "CZE"]
[BlackTeamCountry "CZE"]

1. c4 Nf6 2. Nc3 g6 3. g3 Bg7 4. Bg2 c6 5. d4 0-0 6. Nf3 d5 7. cxd5 Nxd5 8. 0-0 Na6 9. e4 Nxc3 10. bxc3 Bg4 11. Qb3 Qc8 12. Rb1 b6 13. Bg5 Re8 14. Bf4 Bxf3 15. Bxf3 e5 16. Be3 Nc7 17. Rbd1 Ne6 18. Bg2 Kh8 19. f4 exd4 20. cxd4 c5 21. e5 cxd4 22. Bxa8 dxe3 23. Bf3 Bf8 24. Be2 Bc5 25. Qa4 Re7 26. Qe4 Qb7 27. Qxb7 Rxb7 28. Rb1 Rd7 29. Rfd1 Nd4 30. Kf1 Re7 31. Rd3 Kg7 32. Rxe3 Nf5 33. Rd3 f6 34. exf6+ Kxf6 35. Rb2 a5 36. Kg2 h5 37. h3 Ne3+ 38. Kf3 g5 39. g4 hxg4+ 40. hxg4 gxf4 41. Kxf4 Nc4 42. Rc2 Bd6+ 43. Rxd6+ Nxd6 44. Bd3 Nf7 45. Rc6+ Re6 46. Rxe6+ Kxe6 47. Bc4+ Kf6 48. Bxf7 Kxf7 49. a4 Kf6 50. g5+ Kg6 51. Kg4 b5 52. axb5 a4 53. b6 a3 54. b7 a2 55. b8Q a1Q 56. Qg8+ Qg7 57. Qe6+ Kh7 58. Kh5 Qc7 59. Qg6+ Kh8 60. Qh6+ 1/2-1/2

[Event "Trebic Highlands op 09th"]
[Site "Trebic"]
[Date "2013.09.26"]
[Round "7"]
[White "Nitish, Belurkar"]
[Black "Pavlis, Jaromir"]
[Result "1/2-1/2"]
[WhiteElo "1858"]
[BlackElo "1983"]
[PlyCount "122"]
[EventDate "2013.09.21"]
[EventType "swiss"]
[EventRounds "9"]
[EventCountry "CZE"]
[SourceTitle "CBM 156 Extra"]
[Source "ChessBase"]
[SourceDate "2013.10.22"]
[SourceVersion "1"]
[SourceVersionDate "2013.10.22"]
[SourceQuality "1"]

1. d4 d5 2. Nf3 Nf6 3. e3 Bg4 4. c4 e6 5. Nc3 c6 6. Qb3 Qb6 7. Ne5 Qxb3 8. axb3 Bf5 9. c5 Nbd7 10. Nxd7 Kxd7 11. b4 Ne4 12. Na4 Be7 13. f3 Nf6 14. b5 Kc7 15. Bd2 Bc2 16. Nc3 e5 17. b4 exd4 18. exd4 a6 19. Bf4+ Kd7 20. bxc6+ bxc6 21. Rxa6 Rxa6 22. Bxa6 Nh5 23. Be3 Bb3 24. Kd2 Rb8 25. b5 Bc4 26. bxc6+ Kxc6 27. Bxc4 dxc4 28. Rb1 Rxb1 29. Nxb1 Nf6 30. Na3 Nd5 31. Nxc4 Kb5 32. Nb2 f5 33. f4 Bf6 34. Nd1 Kc4 35. Nb2+ Kb3 36. Nd3 Kc4 37. Ne5+ Bxe5 38. fxe5 Nc7 39. g3 Ne6 40. h4 g6 41. Ke2 h6 42. Kf3 Kd5 43. g4 f4 44. Bf2 g5 45. hxg5 hxg5 46. c6 Nc7 47. Be1 Nb5 48. Bf2 Nc7 49. Bg1 Nb5 50. Ke2 Kxc6 51. Kd3 Kd5 52. Bf2 Nc7 53. Be1 Ne6 54. Bc3 Nd8 55. Bb4 Nc6 56. Bc3 Nd8 57. Ba5 Ne6 58. Bb6 Nf8 59. Ke2 Ke4 60. Kf2 Ne6 61. Ba7 Nd8 1/2-1/2

[Event "Trebic Highlands op 09th"]
[Site "Trebic"]
[Date "2013.09.24"]
[Round "5"]
[White "Lausman, Petr"]
[Black "Pavlis, Jaromir"]
[Result "1/2-1/2"]
[WhiteElo "2004"]
[BlackElo "1983"]
[PlyCount "24"]
[EventDate "2013.09.21"]
[EventType "swiss"]
[EventRounds "9"]
[EventCountry "CZE"]
[SourceTitle "CBM 156 Extra"]
[Source "ChessBase"]
[SourceDate "2013.10.22"]
[SourceVersion "1"]
[SourceVersionDate "2013.10.22"]
[SourceQuality "1"]

1. e4 c6 2. d4 d5 3. exd5 cxd5 4. Bd3 Nf6 5. Ne2 e6 6. 0-0 Bd6 7. Nd2 b6 8. f4 Nc6 9. c3 0-0 10. Nf3 Ne4 11. Ne5 Ne7 12. Ng3 f5 1/2-1/2

[Event "Rychnov Seniors op"]
[Site "Rychnov nad Kneznou"]
[Date "2012.08.27"]
[Round "8"]
[White "Uhmann, Jan"]
[Black "Pavlis, Jaromir"]
[Result "1/2-1/2"]
[WhiteElo "2145"]
[BlackElo "2005"]
[PlyCount "100"]
[EventDate "2012.08.20"]
[EventType "swiss"]
[EventRounds "9"]
[EventCountry "CZE"]
[SourceTitle "CBM 150 Extra"]
[Source "ChessBase"]
[SourceDate "2012.10.19"]
[SourceVersion "1"]
[SourceVersionDate "2012.10.19"]
[SourceQuality "1"]

1. d4 d5 2. Bg5 Nf6 3. Bxf6 exf6 4. e3 c6 5. c4 Bb4+ 6. Nc3 0-0 7. cxd5 Qxd5 8. a3 Bxc3+ 9. bxc3 Bf5 10. Nf3 Nd7 11. Be2 Qa5 12. Qb3 Be6 13. Qb4 Qxb4 14. axb4 a6 15. 0-0 Bg4 16. h3 Bxf3 17. Bxf3 Nb6 18. Rfc1 f5 19. c4 Rad8 20. Ra5 f4 21. b5 axb5 22. cxb5 fxe3 23. bxc6 exf2+ 24. Kxf2 bxc6 25. Rxc6 Nd7 26. Rd6 Nf6 27. Rxd8 Rxd8 28. Ke3 Kf8 29. d5 Ne8 30. Ra7 Nd6 31. Kf4 Nb5 32. Ra5 Nd6 33. Ra6 Ke7 34. Be2 Rd7 35. Ke5 f6+ 36. Kd4 Rc7 37. Bd3 g6 38. h4 f5 39. h5 Rb7 40. Rc6 gxh5 41. Ke5 Rd7 42. g3 h6 43. Be2 Nf7+ 44. Kd4 Rd6 45. Kc5 Rxc6+ 46. dxc6 h4 47. gxh4 Nd8 48. Bc4 Nxc6 49. Kxc6 Kf6 50. h5 f4 1/2-1/2

[Event "Rychnov Seniors op"]
[Site "Rychnov nad Kneznou"]
[Date "2012.08.26"]
[Round "7"]
[White "Pavlis, Jaromir"]
[Black "Vodicka, Vlastimil"]
[Result "1/2-1/2"]
[WhiteElo "2005"]
[BlackElo "2128"]
[PlyCount "101"]
[EventDate "2012.08.20"]
[EventType "swiss"]
[EventRounds "9"]
[EventCountry "CZE"]
[SourceTitle "CBM 150 Extra"]
[Source "ChessBase"]
[SourceDate "2012.10.19"]
[SourceVersion "1"]
[SourceVersionDate "2012.10.19"]
[SourceQuality "1"]

1. e4 c5 2. Nc3 Nc6 3. f4 e6 4. Nf3 Nge7 5. Be2 d5 6. d3 a6 7. 0-0 g6 8. Qe1 Bg7 9. Bd1 Nd4 10. Ne2 Nxf3+ 11. Rxf3 0-0 12. c3 c4 13. Bc2 cxd3 14. Bxd3 dxe4 15. Bxe4 Nf5 16. Bxf5 exf5 17. Be3 Re8 18. Qd1 Qc7 19. Bd4 Re4 20. Bxg7 Kxg7 21. Qd2 Qe7 22. Ng3 Re6 23. Rd1 b5 24. Qd4+ Kg8 25. Qd8+ Qxd8 26. Rxd8+ Kg7 27. Rfd3 Bb7 28. Rxa8 Bxa8 29. Kf2 Re7 30. Rd6 Ra7 31. Nf1 Kf8 32. Nd2 Ke7 33. Rd4 h6 34. Nf3 f6 35. g3 Rc7 36. a3 Be4 37. Nd2 Bc6 38. Nf1 Be4 39. Ne3 Rc5 40. Rd1 g5 41. Rd4 Rc8 42. h4 Ke6 43. Rd1 a5 44. Rd4 Rb8 45. Ke2 Rg8 46. Kf2 h5 47. Rd2 g4 48. Rd4 Rb8 49. Nf1 Ra8 50. Ne3 Rb8 51. Nf1 1/2-1/2

[Event "Rychnov Seniors op"]
[Site "Rychnov nad Kneznou"]
[Date "2012.08.24"]
[Round "5"]
[White "Pavlis, Jaromir"]
[Black "Feldvabl, Vilem"]
[Result "1/2-1/2"]
[WhiteElo "2005"]
[BlackElo "1799"]
[PlyCount "36"]
[EventDate "2012.08.20"]
[EventType "swiss"]
[EventRounds "9"]
[EventCountry "CZE"]
[SourceTitle "CBM 150 Extra"]
[Source "ChessBase"]
[SourceDate "2012.10.19"]
[SourceVersion "1"]
[SourceVersionDate "2012.10.19"]
[SourceQuality "1"]

1. e4 e5 2. Nf3 Nf6 3. Nc3 Nc6 4. d3 h6 5. h3 Bc5 6. Be3 Bb6 7. Bxb6 axb6 8. Be2 d6 9. 0-0 Be6 10. d4 exd4 11. Nxd4 Nxd4 12. Qxd4 0-0 13. Nd5 Nxd5 14. exd5 Bf5 15. Bd3 Qg5 16. Bxf5 Qxf5 17. Qc4 Rac8 18. Qb3 Rfe8 1/2-1/2

[Event "CZE-chT2D 1011"]
[Site "Czech Republic"]
[Date "2011.02.20"]
[Round "8"]
[White "Pavlis, Jaromir"]
[Black "Jelinek, Milan"]
[Result "1/2-1/2"]
[WhiteElo "2072"]
[BlackElo "2072"]
[PlyCount "31"]
[EventDate "2010.10.17"]
[EventType "team-tourn"]
[EventRounds "11"]
[EventCountry "CZE"]
[SourceTitle "EXT 2012"]
[Source "ChessBase"]
[SourceDate "2011.11.24"]
[SourceVersion "1"]
[SourceVersionDate "2011.11.24"]
[SourceQuality "1"]
[WhiteTeam "Trebic Caissa II"]
[BlackTeam "Zajecice"]
[WhiteTeamCountry "CZE"]
[BlackTeamCountry "CZE"]

1. e4 c5 2. Nc3 d6 3. f4 Nc6 4. Nf3 Bg4 5. Bb5 a6 6. Bxc6+ bxc6 7. 0-0 e6 8. h3 Bxf3 9. Qxf3 Be7 10. b3 Nf6 11. Bb2 0-0 12. d3 d5 13. Rad1 Nd7 14. Na4 Nb6 15. Nxb6 Qxb6 16. f5 1/2-1/2

[Event "Zdar nad Sazavou Vysocina op 7th"]
[Site "Zdar nad Sazavou"]
[Date "2010.09.30"]
[Round "7"]
[White "Bazala, Vladimir"]
[Black "Pavlis, Jaromir"]
[Result "1/2-1/2"]
[WhiteElo "1871"]
[BlackElo "2072"]
[PlyCount "47"]
[EventDate "2010.09.25"]
[EventType "swiss"]
[EventRounds "9"]
[EventCountry "CZE"]
[SourceTitle "CBM 138 Extra"]
[Source "ChessBase"]
[SourceDate "2010.10.29"]
[SourceVersion "1"]
[SourceVersionDate "2010.10.29"]
[SourceQuality "1"]

1. c4 Nf6 2. Nc3 d5 3. cxd5 Nxd5 4. e4 Nxc3 5. bxc3 g6 6. d4 Bg7 7. Bc4 0-0 8. Ne2 c6 9. 0-0 b6 10. Be3 Ba6 11. Bxa6 Nxa6 12. Qd2 c5 13. Bh6 e6 14. Bxg7 Kxg7 15. Rad1 Rc8 16. f4 f6 17. f5 exf5 18. exf5 g5 19. Qd3 Nb8 20. Qg3 Qc7 21. Nf4 Kh8 22. Ne6 Qxg3 23. hxg3 Rf7 24. d5 1/2-1/2

[Event "CZE-chT2D 0910"]
[Site "Czech Republic"]
[Date "2010.01.17"]
[Round "5.3"]
[White "Pavlis, Jaromir"]
[Black "Jarabek, Vratislav"]
[Result "1/2-1/2"]
[WhiteElo "2102"]
[BlackElo "2205"]
[PlyCount "47"]
[EventDate "2009.10.18"]
[EventType "team-tourn"]
[EventRounds "11"]
[EventCountry "CZE"]
[SourceTitle "EXT 2012"]
[Source "ChessBase"]
[SourceDate "2011.11.24"]
[SourceVersion "1"]
[SourceVersionDate "2011.11.24"]
[SourceQuality "1"]
[WhiteTeam "Zdar nad Sazavou"]
[BlackTeam "Zajecice"]
[WhiteTeamCountry "CZE"]
[BlackTeamCountry "CZE"]

1. e4 c5 2. Nc3 Nc6 3. f4 g6 4. Nf3 Bg7 5. Be2 d6 6. 0-0 e6 7. Qe1 Nge7 8. d3 Nd4 9. Bd1 Bd7 10. Ne2 Nxe2+ 11. Bxe2 Bc6 12. Rb1 d5 13. e5 h5 14. b4 cxb4 15. Qxb4 Nf5 16. Ba3 Qb6+ 17. Qc5 Qxc5+ 18. Bxc5 Bf8 19. Bf2 Be7 20. Nd4 Nxd4 21. Bxd4 b6 22. Kf2 Kd7 23. Ke3 Bc5 24. Bxc5 1/2-1/2

[Event "CZE-chT2D 0809"]
[Site "Czech Republic"]
[Date "2009.03.22"]
[Round "10.8"]
[White "Pavlis, Jaromir"]
[Black "Michalek, Miroslav"]
[Result "1/2-1/2"]
[WhiteElo "2120"]
[BlackElo "1962"]
[PlyCount "26"]
[EventDate "2008.10.12"]
[EventType "team-tourn"]
[EventRounds "11"]
[EventCountry "CZE"]
[SourceTitle "EXT 2010"]
[Source "ChessBase"]
[SourceDate "2010.11.25"]
[SourceVersion "1"]
[SourceVersionDate "2010.11.25"]
[SourceQuality "1"]

1. e4 c6 2. d4 d5 3. Nc3 dxe4 4. Nxe4 Bf5 5. Ng3 Bg6 6. Nf3 Nd7 7. h4 h6 8. h5 Bh7 9. Bd3 Bxd3 10. Qxd3 Qc7 11. Qe2 Ngf6 12. Bd2 e6 13. 0-0-0 0-0-0 1/2-1/2

[Event "CZE-chT2D 0809"]
[Site "Czech Republic"]
[Date "2009.02.22"]
[Round "9.7"]
[White "Pavlis, Jaromir"]
[Black "Novy, Martin"]
[Result "1/2-1/2"]
[WhiteElo "2120"]
[BlackElo "2132"]
[PlyCount "94"]
[EventDate "2008.10.12"]
[EventType "team-tourn"]
[EventRounds "11"]
[EventCountry "CZE"]
[SourceTitle "EXT 2010"]
[Source "ChessBase"]
[SourceDate "2010.11.25"]
[SourceVersion "1"]
[SourceVersionDate "2010.11.25"]
[SourceQuality "1"]

1. d4 g6 2. c4 Bg7 3. Nf3 f5 4. Nc3 Nf6 5. Bg5 d6 6. h3 0-0 7. e3 c6 8. Bd3 Qc7 9. e4 e5 10. exf5 gxf5 11. Be2 Be6 12. Qd2 Ne4 13. Qe3 Na6 14. dxe5 Nb4 15. Rc1 dxe5 16. 0-0 f4 17. Qxe4 Bf5 18. a3 Bxe4 19. Nxe4 Na6 20. b4 Nb8 21. Rfd1 Nd7 22. Be7 Nf6 23. Bd6 Qc8 24. Nfg5 Nxe4 25. Nxe4 f3 26. gxf3 Qxh3 27. Bxf8 Rxf8 28. Rc3 Qh4 29. Bf1 Bh6 30. Bg2 Rd8 31. Rcd3 Rxd3 32. Rxd3 Qf4 33. c5 Qc1+ 34. Bf1 Bf8 35. Rd7 Qf4 36. Bc4+ Kh8 37. Rf7 Qc1+ 38. Bf1 Bg7 39. Rxb7 h5 40. Rxa7 h4 41. Rc7 Qxa3 42. Rc8+ Kh7 43. Rxc6 Bh6 44. Nf6+ Kg7 45. Nh5+ Kh7 46. Nf6+ Kg7 47. Nh5+ Kh7 1/2-1/2

[Event "CZE-chT2D 0809"]
[Site "Czech Republic"]
[Date "2009.02.08"]
[Round "8.8"]
[White "Pavlis, Jaromir"]
[Black "Trasak, Ondrej"]
[Result "1/2-1/2"]
[WhiteElo "2120"]
[BlackElo "1990"]
[PlyCount "26"]
[EventDate "2008.10.12"]
[EventType "team-tourn"]
[EventRounds "11"]
[EventCountry "CZE"]
[SourceTitle "EXT 2010"]
[Source "ChessBase"]
[SourceDate "2010.11.25"]
[SourceVersion "1"]
[SourceVersionDate "2010.11.25"]
[SourceQuality "1"]

1. d4 Nf6 2. c4 e6 3. Nc3 Bb4 4. e3 0-0 5. Nf3 d5 6. Bd2 c5 7. cxd5 cxd4 8. Nxd4 Nxd5 9. Be2 Nxc3 10. Bxc3 Bxc3+ 11. bxc3 Bd7 12. Qb3 Qc7 13. 0-0 Nc6 1/2-1/2

[Event "CZE-chT2D 0809"]
[Site "Czech Republic"]
[Date "2008.12.21"]
[Round "5.8"]
[White "Cabejsek, Jaroslav"]
[Black "Pavlis, Jaromir"]
[Result "1/2-1/2"]
[WhiteElo "1838"]
[BlackElo "2120"]
[PlyCount "29"]
[EventDate "2008.10.12"]
[EventType "team-tourn"]
[EventRounds "11"]
[EventCountry "CZE"]
[SourceTitle "EXT 2010"]
[Source "ChessBase"]
[SourceDate "2010.11.25"]
[SourceVersion "1"]
[SourceVersionDate "2010.11.25"]
[SourceQuality "1"]

1. e4 d6 2. d4 g6 3. Nf3 Bg7 4. Nc3 Nf6 5. Be2 0-0 6. 0-0 Bg4 7. h3 Bxf3 8. Bxf3 c6 9. a4 Qc7 10. g4 Nfd7 11. h4 Qb6 12. Be3 Qxb2 13. Qd2 Qb6 14. Kg2 e5 15. Rab1 1/2-1/2